Normale Ansicht MARC-Ansicht ISBD

Litterarisches Pantheon (Titelsatznr. 67752)

[ MARC ]
MARC-Details
000 -Satzkennung
Kontrollfeld mit fester Länge 00399nam a2200181 4500
001 - Kontrollnummer
Kontrollfeld 6848
003 - Kontrollnummer Identifier
Kontrollfeld OSt
005 - Datum und Zeit der letzten Transaktion
Kontrollfeld 20210701135108.0
007 - Feld mit fester Länge zur physischen Beschreibung - Allgemeine Information
Kontrollfeld mit fester Länge tu
008 - Feld mit fester Länge zur physischen Beschreibung - Allgemeine Angaben
Kontrollfeld mit fester Länge s1794||||||| ger
040 ## - Katalogisierungsquelle
Übertragungsstelle STAFF
Bearbeitungsstelle STAFF
245 00 - Titel
Titel Litterarisches Pantheon
264 ## - Produktion, Veröffentlichung, Distribution, Herstellung und Urheberrechtsvermerk
Herstellungs-, Veröffentlichungs- Vertriebs-, Erzeugungsort Leipzig
Produzent, Herausgeber, Distributor, Hersteller Apitz
Herstellungs-, Veröffentlichungs- Vertriebs-, Erzeugungsort Frankfurt (Oder)
Datum der Herstellung, der Veröffentlichung, des Vertriebs oder des Urheberschutzvermerks 1794
365 ## - Handelspreis
Währungscode DEM
500 ## - Allgemeine Fußnote
Allgemeine Fußnote Bd. 1 + 4.
546 ## - Fußnote zur Sprache
Sprache deutsch
942 ## - Zusätzliche Felder (Koha)
Klassifikation oder Aufstellungssystematik Andere/Generische Klassifikation
Koha-Medientyp Bücher
Exemplare
Ausgeschieden Verloren Klassifikation oder Aufstellungssystematik Beschädigt Nicht entleihbar Heimatbibliothek Aufenthaltsbibliothek Erwerbungsdatum Kodierter Standort-Qualifier Anzahl Ausleihen Signatur Letzte Aktivität Preis gültig von Koha-Medientyp
    Andere/Generische Klassifikation     Stadtarchiv Frankfurt (Oder) | Archivbibliothek Stadtarchiv Frankfurt (Oder) | Archivbibliothek 25/11/2020 M   I: 0228 [1., 4.] 25/11/2020 25/11/2020 Bücher